|
|
|
|
| LEADER |
01521nam a22003613i 4500 |
| 001 |
EBC7015462 |
| 003 |
MiAaPQ |
| 005 |
20231204023226.0 |
| 006 |
m o d | |
| 007 |
cr cnu|||||||| |
| 008 |
231204s1913 xx o ||||0 ger d |
| 020 |
|
|
|a 9783486741803
|q (electronic bk.)
|
| 035 |
|
|
|a (MiAaPQ)EBC7015462
|
| 035 |
|
|
|a (Au-PeEL)EBL7015462
|
| 035 |
|
|
|a (OCoLC)1202553120
|
| 040 |
|
|
|a MiAaPQ
|b eng
|e rda
|e pn
|c MiAaPQ
|d MiAaPQ
|
| 100 |
1 |
|
|a Baumann, A.
|
| 245 |
1 |
0 |
|a Mechanische Grundlagen des Flugzeugbaues, Teil 2.
|
| 250 |
|
|
|a 1st ed.
|
| 264 |
|
1 |
|a Berlin/München/Boston :
|b Walter de Gruyter GmbH,
|c 1913.
|
| 264 |
|
4 |
|c {copy}1913.
|
| 300 |
|
|
|a 1 online resource (156 pages)
|
| 336 |
|
|
|a text
|b txt
|2 rdacontent
|
| 337 |
|
|
|a computer
|b c
|2 rdamedia
|
| 338 |
|
|
|a online resource
|b cr
|2 rdacarrier
|
| 490 |
1 |
|
|a Luftfahrzeugbau Und -Führung Series ;
|v v.11
|
| 588 |
|
|
|a Description based on publisher supplied metadata and other sources.
|
| 590 |
|
|
|a Electronic reproduction. Ann Arbor, Michigan : ProQuest Ebook Central, 2023. Available via World Wide Web. Access may be limited to ProQuest Ebook Central affiliated libraries.
|
| 655 |
|
4 |
|a Electronic books.
|
| 776 |
0 |
8 |
|i Print version:
|a Baumann, A.
|t Mechanische Grundlagen des Flugzeugbaues, Teil 2
|d Berlin/München/Boston : Walter de Gruyter GmbH,c1913
|
| 797 |
2 |
|
|a ProQuest (Firm)
|
| 830 |
|
0 |
|a Luftfahrzeugbau Und -Führung Series
|
| 856 |
4 |
0 |
|u https://ebookcentral.proquest.com/lib/matrademy/detail.action?docID=7015462
|z Click to View
|